000 00612nam a2200241 i 4500
001 C2-0282028
003 PPAK
005 20180728012457.0
008 070925s2000 nyu |||| ||||| | eng d
020 _a0439280680
040 _aPPAK
_beng
_cPPAK
_erda
082 0 4 _a823
_223
090 0 0 _a823
_bBRU
_dLCK
100 1 _aBruchac, Joseph,
_eauthor
245 1 0 _aSacajawea
264 1 _aNew York :
_bScholastic ,
_c2000
300 _a199 pages ;
_c19 cm
336 _2rdacontent
_atext
337 _2rdamedia
_aunmediated
338 _2rdacarrier
_avolume
650 1 0 _aSacajawea, 1786-1884
942 _ddc
_cB
999 _c88317
_d88317